[Event "Kragero Resort Chess A 2019"]
[Site "Kragero"]
[Date "2019.02.21"]
[Round "2.3"]
[White "Miedema, David"]
[Black "Malakhatko, Vadim"]
[Result "1-0"]
[WhiteElo "2356"]
[BlackElo "2525"]
[Annotator "ChessBase"]
[PlyCount "133"]
[EventDate "2019.02.20"]
[EventType "swiss"]
[EventCountry "NOR"]
[SourceTitle "playchess.com"]
[Source "ChessBase"]
[SourceQuality "1"]
[TimeControl "5400+30"]

1. e4 {[%emt 0:00:00]} e6 {[%emt 0:00:00]} 2. d4 {[%emt 0:00:00]} d5 {[%emt 0:00:00]} 3. Nc3 {[%emt 0:00:00]} Bb4 {[%emt 0:00:02]} 4. e5 {[%emt 0:00:04]} Qd7 {[%emt 0:00:06]} 5. Qg4 {[%emt 0:00:10]} f5 {[%emt 0:00:06]} 6. Qh5+ {[%emt 0:00:03]} Qf7 {[%emt 0:00:44]} 7. Qxf7+ {[%emt 0:09:04]} Kxf7 {[%emt 0:00:07]} 8. Bd2 {[%emt 0:00:09]} Bd7 {[%emt 0:12:50]} 9. h4 {[%emt 0:07:47]} Nh6 {[%emt 0:07:21]} 10. a3 {[%emt 0:10:10]} Be7 {[%emt 0:00:10]} 11. b4 {[%emt 0:03:05]} b6 {[%emt 0:04:36]} 12. Rb1 {[%emt 0:07:51]} Rc8 {[%emt 0:00:13]} 13. g3 {[%emt 0:02:07]} Nc6 {[%emt 0:13:06]} 14. Nge2 {[%emt 0:04:33]} a5 {[%emt 0:00:43]} 15. b5 {[%emt 0:02:08]} Nd8 {[%emt 0:00:07]} 16. a4 {[%emt 0:00:25]} c5 {[%emt 0:00:08]} 17. dxc5 {[%emt 0:02:49]} Bxc5 {[%emt 0:02:56]} 18. Nd1 {[%emt 0:00:52]} Kf8 {[%emt 0:10:25]} 19. f3 {[%emt 0:05:03]} Nhf7 {[%emt 0:07:36]} 20. Bf4 {[%emt 0:00:24]} h6 {[%emt 0:00:07]} 21. h5 {[%emt 0:01:20]} Nb7 {[%emt 0:00:19]} 22. c3 {[%emt 0:01:45]} Be7 {[%emt 0:08:58]} 23. g4 {[%emt 0:05:18]} fxg4 {[%emt 0:03:30]} 24. fxg4 {[%emt 0:00:03]} Nc5 {[%emt 0:00:07]} 25. Nb2 {[%emt 0:00:24]} Bg5 {[%emt 0:00:40]} 26. Bg2 {[%emt 0:02:07]} Rab8 {[%emt 0:05:28]} 27. O-O {[%emt 0:00:22]} Kg8 {[%emt 0:00:05]} 28. Rbe1 {[%emt 0:01:25]} Nb3 {[%emt 0:00:36]} 29. Nd3 {[%emt 0:02:38]} Nd2 {[%emt 0:05:21]} 30. Rf2 {[%emt 0:00:24]} Ne4 {[%emt 0:02:49]} 31. Bxe4 {[%emt 0:00:05]} dxe4 {[%emt 0:00:06]} 32. Nb2 {[%emt 0:00:34]} Rc5 {[%emt 0:08:05]} 33. Ng3 {[%emt 0:05:04]} Bxf4 {[%emt 0:00:51]} 34. Rxf4 {[%emt 0:00:09]} Ng5 {[%emt 0:00:07]} 35. Kg2 {[%emt 0:01:12]} Bc8 {[%emt 0:00:34]} 36. Re3 {[%emt 0:03:22]} Bb7 {[%emt 0:01:33]} 37. Ne2 {[%emt 0:00:50]} Rbc8 {[%emt 0:00:54]} 38. c4 {[%emt 0:00:48]} Rxe5 {[%emt 0:01:41]} 39. Kg3 {[%emt 0:00:47]} Rec5 {[%emt 0:00:10]} 40. Nc1 {[%emt 0:00:37]} Nf3 {[%emt 0:05:22]} 41. Nb3 {[%emt 0:00:17]} R5c7 {[%emt 0:00:06]} 42. c5 {[%emt 0:00:33]} Bd5 {[%emt 0:00:23]} 43. cxb6 {[%emt 0:02:17]} Rc3 {[%emt 0:00:33]} 44. Rfxf3 {[%emt 0:07:36]} exf3 {[%emt 0:00:19]} 45. Rxc3 {[%emt 0:00:01]} Rxc3 {[%emt 0:00:08]} 46. Nxa5 {[%emt 0:00:02]} f2+ {[%emt 0:01:29]} 47. Kxf2 {[%emt 0:00:03]} Rc2+ {[%emt 0:00:05]} 48. Ke3 {[%emt 0:00:02]} Rxb2 {[%emt 0:00:05]} 49. b7 {[%emt 0:01:57]} Bxb7 {[%emt 0:00:07]} 50. Nxb7 {[%emt 0:00:02]} Kf8 {[%emt 0:00:19]} 51. Kd3 {[%emt 0:01:42]} Ke7 {[%emt 0:00:15]} 52. Kc3 {[%emt 0:03:00]} Rb1 {[%emt 0:00:31]} 53. Kc4 {[%emt 0:02:14]} Rc1+ {[%emt 0:00:21]} 54. Kd4 {[%emt 0:00:17]} Rd1+ {[%emt 0:00:33]} 55. Kc4 {[%emt 0:00:49]} Rc1+ {[%emt 0:00:15]} 56. Kd4 {[%emt 0:00:19]} Rd1+ {[%emt 0:01:14]} 57. Kc5 {[%emt 0:01:39]} e5 {[%emt 0:00:18]} 58. Na5 {[%emt 0:02:10]} e4 {[%emt 0:00:06]} 59. Nc4 {[%emt 0:00:05]} Kd7 {[%emt 0:02:43]} 60. a5 {[%emt 0:00:14]} Kc7 {[%emt 0:00:37]} 61. a6 {[%emt 0:00:17]} Kb8 {[%emt 0:00:28]} 62. b6 {[%emt 0:00:39]} Ra1 {[%emt 0:00:30]} 63. a7+ {[%emt 0:00:35]} Ka8 {[%emt 0:00:18]} 64. Ne3 {[%emt 0:03:19]} Rc1+ {[%emt 0:00:23]} 65. Kd4 {[%emt 0:00:25]} Rb1 {[%emt 0:00:33]} 66. Nd5 {[%emt 0:00:07]} Kb7 {[%emt 0:00:15]} 67. Kxe4 {[%emt 0:01:31]} 1-0

[Event "Kragero Resort Chess A 2019"]
[Site "Kragero"]
[Date "2019.02.21"]
[Round "2.4"]
[White "Urkedal, Frode Olav Olsen"]
[Black "Gharibyan, Mamikon"]
[Result "1/2-1/2"]
[WhiteElo "2522"]
[BlackElo "2318"]
[Annotator "TA"]
[PlyCount "100"]
[EventDate "2019.02.20"]
[EventType "swiss"]
[EventCountry "NOR"]
[SourceTitle "playchess.com"]
[Source "ChessBase"]
[SourceQuality "1"]

{[%evp 9,100,24,30,23,31,23,52,12,9,-29,10,12,8,11,11,12,14,11,41,41,33,41,19,12,12,20,7,12,18,0,12,0,0,-7,-4,-9,-10,-18,-20,-29,-12,-67,-66,-86,-83,-98,-99,-140,-83,-102,-96,-96,-95,-93,-101,-99,-66,-57,0,-89,-59,-59,-59,-56,-62,-60,-41,-57,-71,-89,-89,-89,-89,-89,-89,-85,-8,-49,-49,-49,-49,-62,-62,-62,-62,-62,-62,-62,-62,-62,-62,-62,-62]} 1. d4 d5 2. c4 e6 3. Nc3 a6 4. cxd5 exd5 5. Nf3 h6 6. Qb3 {D31: Queen's Gambit Declined: Semi-Slav without ...Nf6 (+ Marshall Gambit and Noteboom) and Exchange Variation lines without ...Nf6} (6. Bf4 Nf6 7. e3 Bd6 8. Bxd6 Qxd6 9. Qc2 O-O 10. Bd3 Re8 11. h3 Be6 12. O-O Nbd7 13. a4 {½-½ (40) Shankland,S (2725)-Carlsen,M (2835) Wijk aan Zee 2019}) 6... Nf6 7. e4 Nxe4 8. Nxe4 $146 {White is slightly better.} ({Predecessor:} 8. Qxd5 Qxd5 9. Nxd5 Bd6 10. Bd3 Nf6 11. Nxf6+ gxf6 12. O-O Nc6 13. Re1+ Kf8 14. Be3 {½-½ (14) Parligras,M (2614)-Rakhmanov,A (2669) Banja Vrujci 2017}) 8... dxe4 9. Bc4 Qe7 (9... Bb4+ $5 10. Qxb4 Nc6 11. Bxf7+ Kxf7 12. Ne5+ Nxe5 13. dxe5 Qd3 $15) 10. Ne5 Qb4+ 11. Bd2 Qxb3 12. Bxb3 Be6 13. d5 Nd7 14. dxe6 Nxe5 15. exf7+ Nxf7 16. Bc3 Nd6 17. O-O-O O-O-O 18. Rhe1 Re8 19. a4 h5 20. Re2 Rh6 21. Rde1 Be7 22. g3 ({Of course not} 22. Bxg7 Rg6 $17) 22... Bf6 23. Bb4 Bd4 24. Bd5 Kb8 25. Bxd6 (25. Bd2 $11 Rhh8 26. Bf4) 25... Rxd6 $15 26. Bxe4 Rb6 $1 27. f3 Rb4 28. a5 Ra4 ({Black should play} 28... Re5 29. Rd1 Rxa5) 29. Rd1 c5 30. Rd3 Rxa5 31. b4 Ra1+ 32. Kd2 Ra2+ 33. Kd1 Ra1+ 34. Kd2 Kc7 35. bxc5 $1 Bxc5 36. Rd5 $1 {[%cal Rd5c5]} b6 37. Rxh5 Ra2+ 38. Kd3 Rd8+ 39. Rd5 Rxd5+ 40. Bxd5 Rxe2 41. Kxe2 $17 {[%mdl 4096] Endgame [#] KB-KB} Kd6 $1 {[%cal Rd6d5]} 42. Bf7 {[#]} a5 (42... Ke5 $1 $17) 43. Kd3 Bg1 {Black is slightly better.} 44. Kc4 Bxh2 45. Kb5 Bxg3 46. Kxb6 a4 {[%cal Ba5a4,Ba4a3][%mdl 32]} 47. Kb5 a3 48. Ka4 Ke7 49. Bd5 Bd6 $1 50. Kb3 Kf6 {Accuracy: White = 52%, Black = 68%.} 1/2-1/2

[Event "Kragero Resort Chess A 2019"]
[Site "Kragero"]
[Date "2019.02.21"]
[Round "2.5"]
[White "Vestby-Ellingsen, Mads"]
[Black "Castellanos Rodriguez, Renier"]
[Result "0-1"]
[WhiteElo "2343"]
[BlackElo "2505"]
[Annotator "TA"]
[PlyCount "72"]
[EventDate "2019.02.20"]
[EventType "swiss"]
[EventCountry "NOR"]
[SourceTitle "playchess.com"]
[Source "ChessBase"]
[SourceQuality "1"]

{[%evp 15,72,5,38,26,45,22,17,10,0,15,40,-4,0,-8,6,0,0,0,0,0,0,-15,0,0,0,-1,-1,-12,-8,-12,0,0,21,14,12,10,14,-17,-8,-53,-51,-52,-64,-154,-151,-147,-156,-162,-149,-312,-303,-654,-654,-646,-643,-1012,-1007,-4994,-4817]} 1. e4 c5 2. Nf3 d6 3. d4 cxd4 4. Nxd4 Nf6 5. Nc3 a6 6. Be3 e5 7. Nb3 Be6 8. f3 h5 (8... Nbd7 {is more complex.} 9. g4 b5 10. a3 h6 11. Qd3 Be7) 9. Nd5 {B90: Sicilian Najdorf: Unusual White 6th moves, 6 Be3 Ng4 and 6 Be3 e5} Bxd5 10. exd5 Nbd7 11. c4 {The position is equal.} g6 12. Qd2 a5 13. Rc1 a4 14. Na1 Qa5 15. Qxa5 Rxa5 16. Nc2 $146 ({Predecessor:} 16. Rd1 Bh6 17. Bxh6 Rxh6 {0-1 (41) Zelic,Z (2368)-Saric,I (2618) Mali Losinj 2017}) 16... Bh6 17. Bxh6 Rxh6 18. Na3 Ke7 19. h4 Rh8 20. Be2 Rc8 {With the idea ...Nxd5!} 21. Kf2 Nc5 22. Nb5 Ne8 23. g4 Nc7 (23... hxg4 {with more complications.} 24. fxg4 f5 25. h5 Ne4+ 26. Kf3 Ng5+) 24. Nxc7 Rxc7 25. gxh5 gxh5 26. Rcg1 Nd7 27. Rg5 b5 28. Rxh5 bxc4 {White must now prevent ...Rb7.} 29. Rg5 (29. Rh8 $1 $15) 29... Nf6 $17 {aiming for ...Rb7.} 30. h5 Ra8 ({Much weaker is} 30... Nxd5 $6 31. h6 $11) 31. h6 Rh8 32. Bd1 $2 (32. Rh4 $17) 32... Rb7 $19 ({Less strong is} 32... Nxd5 33. Bxa4 Rb7 34. b3 $15) 33. Bxa4 $2 (33. b3 axb3 34. axb3 cxb3 35. Be2) 33... Rxb2+ {[%mdl 64] [#] Double Attack. Black is clearly winning.} 34. Kg3 Nxd5 35. Rc1 Nf4 {( -> ...Rg2+)} 36. Kg4 Rxh6 {Accuracy: White = 37%, Black = 71%.} 0-1

[Event "Kragero Resort Chess A 2019"]
[Site "Kragero"]
[Date "2019.02.21"]
[Round "2.6"]
[White "Notkevich, Benjamin Arvola"]
[Black "Ingebretsen, Jens E"]
[Result "1-0"]
[WhiteElo "2498"]
[BlackElo "2297"]
[Annotator "ChessBase"]
[PlyCount "120"]
[EventDate "2019.02.20"]
[EventType "swiss"]
[EventCountry "NOR"]
[SourceTitle "playchess.com"]
[Source "ChessBase"]
[SourceQuality "1"]
[TimeControl "5400+30"]

1. d4 {[%emt 0:02:43]} d5 {[%emt 0:00:00]} 2. c4 {[%emt 0:00:17]} dxc4 {[%emt 0:00:00]} 3. Nf3 {[%emt 0:02:30]} Nf6 {[%emt 0:00:43]} 4. e3 {[%emt 0:00:07]} b5 {[%emt 0:00:04]} 5. a4 {[%emt 0:04:06]} b4 {[%emt 0:00:06]} 6. Bxc4 {[%emt 0:00:18]} e6 {[%emt 0:00:11]} 7. O-O {[%emt 0:00:34]} Be7 {[%emt 0:00:12]} 8. Nbd2 {[%emt 0:04:12]} Bb7 {[%emt 0:00:44]} 9. a5 {[%emt 0:01:29]} a6 {[%emt 0:02:41]} 10. Qe2 {[%emt 0:00:35]} O-O {[%emt 0:01:34]} 11. Rd1 {[%emt 0:01:09]} Nbd7 {[%emt 0:00:55]} 12. Nb3 {[%emt 0:05:21]} c5 {[%emt 0:05:46]} 13. dxc5 {[%emt 0:13:46]} Qc7 {[%emt 0:01:36]} 14. Bd2 {[%emt 0:00:07]} Nxc5 {[%emt 0:04:19]} 15. Bxb4 {[%emt 0:06:38]} Nxb3 {[%emt 0:01:03]} 16. Bxe7 {[%emt 0:00:06]} Nxa1 {[%emt 0:00:54]} 17. Bxf8 {[%emt 0:00:08]} Rxf8 {[%emt 0:00:43]} 18. Rxa1 {[%emt 0:00:27]} Ng4 {[%emt 0:01:48]} 19. e4 {[%emt 0:00:26]} Qf4 {[%emt 0:08:48]} 20. Bxa6 {[%emt 0:13:45]} Bxe4 {[%emt 0:10:23]} 21. Ra4 {[%emt 0:00:35]} f5 {[%emt 0:01:06]} 22. h3 {[%emt 0:05:54]} Nf6 {[%emt 0:31:13]} 23. Qd2 {[%emt 0:00:00]} Qb8 {[%emt 0:05:07]} 24. Ng5 {[%emt 0:04:20]} Rd8 {[%emt 0:14:37]} 25. Rd4 {[%emt 0:01:10]} Rxd4 {[%emt 0:00:20]} 26. Qxd4 {[%emt 0:00:05]} Bd5 {[%emt 0:05:54]} 27. Bc4 {[%emt 0:05:34]} Qb4 {[%emt 0:00:00]} 28. b3 {[%emt 0:14:19]} Qxa5 {[%emt 0:00:00]} 29. Qe5 {[%emt 0:00:53]} Nd7 {[%emt 0:01:30]} 30. Qd6 {[%emt 0:00:09]} Qa1+ {[%emt 0:01:10]} 31. Bf1 {[%emt 0:00:58]} Nf8 {[%emt 0:00:13]} 32. Qb8 {[%emt 0:03:53]} Qc3 {[%emt 0:01:45]} 33. b4 {[%emt 0:03:37]} h6 {[%emt 0:00:08]} 34. Nf3 {[%emt 0:00:12]} Qc1 {[%emt 0:00:48]} 35. Ne5 {[%emt 0:02:22]} Qa1 {[%emt 0:00:13]} 36. b5 {[%emt 0:00:35]} Qa8 {[%emt 0:00:09]} 37. Qxa8 {[%emt 0:00:47]} Bxa8 {[%emt 0:00:02]} 38. b6 {[%emt 0:00:06]} Bb7 {[%emt 0:00:30]} 39. g3 {[%emt 0:00:39]} f4 {[%emt 0:00:28]} 40. Bg2 {[%emt 0:00:26]} f3 {[%emt 0:00:06]} 41. Bxf3 {[%emt 0:00:48]} Bxf3 {[%emt 0:00:20]} 42. Nxf3 {[%emt 0:00:04]} Nd7 {[%emt 0:00:12]} 43. b7 {[%emt 0:00:05]} Nb8 {[%emt 0:00:28]} 44. Nd4 {[%emt 0:03:53]} Kf7 {[%emt 0:00:13]} 45. Kg2 {[%emt 0:00:04]} e5 {[%emt 0:01:23]} 46. Nf5 {[%emt 0:00:04]} Kf6 {[%emt 0:00:26]} 47. Ne3 {[%emt 0:00:04]} e4 {[%emt 0:00:30]} 48. g4 {[%emt 0:00:32]} g6 {[%emt 0:00:14]} 49. Kg3 {[%emt 0:00:16]} Ke5 {[%emt 0:00:11]} 50. Ng2 {[%emt 0:00:30]} Nc6 {[%emt 0:01:04]} 51. h4 {[%emt 0:00:51]} Nb8 {[%emt 0:01:16]} 52. Ne3 {[%emt 0:00:18]} Na6 {[%emt 0:00:27]} 53. h5 {[%emt 0:02:08]} gxh5 {[%emt 0:00:28]} 54. gxh5 {[%emt 0:00:05]} Nb8 {[%emt 0:00:12]} 55. Kg4 {[%emt 0:00:26]} Kd6 {[%emt 0:00:38]} 56. Nf5+ {[%emt 0:00:11]} Kc7 {[%emt 0:00:05]} 57. Nxh6 {[%emt 0:00:02]} Nd7 {[%emt 0:00:12]} 58. Kf5 {[%emt 0:00:43]} Kxb7 {[%emt 0:00:31]} 59. Ng4 {[%emt 0:00:35]} Kc6 {[%emt 0:00:23]} 60. Ne5+ {[%emt 0:00:12]} Kd5 {Kxe4+} 1-0

[Event "Kragero Resort Chess A 2019"]
[Site "Kragero"]
[Date "2019.02.21"]
[Round "2.7"]
[White "Khachatryan, Vahagn"]
[Black "Hasangatin, Ramil"]
[Result "0-1"]
[WhiteElo "2274"]
[BlackElo "2485"]
[Annotator "TA"]
[PlyCount "92"]
[EventDate "2019.02.20"]
[EventType "swiss"]
[EventCountry "NOR"]
[SourceTitle "playchess.com"]
[Source "ChessBase"]
[SourceQuality "1"]

{[%evp 18,92,22,18,39,48,55,22,34,39,40,0,0,0,0,-1,16,0,0,0,0,12,0,3,14,-6,-3,-8,-7,-221,-218,-215,-220,-221,-227,-210,-227,-222,-201,-214,-215,-286,-277,-330,-198,-197,-196,-186,-176,-314,-314,-584,-398,-453,-453,-406,-314,-314,-314,-304,-288,-454,-449,-511,-505,-765,-775,-837,-829,-1491,-1504,-1019,-888,-888,-857,-809,-765]} 1. e4 {[%cal Be2e4,Be4e5][%mdl 32]} Nf6 2. e5 Nd5 3. d4 d6 4. c4 Nb6 5. exd6 exd6 6. Nc3 Be7 7. Bd3 Nc6 8. Nge2 O-O 9. h3 Bf6 10. O-O {LiveBook: 9 Games. B03: Alekhine's Defence: Four Pawns Attack} (10. b3 Ne7 11. Ne4 Ng6 12. Nxf6+ Qxf6 13. O-O Bf5 14. Bxf5 Qxf5 15. d5 Ne5 16. Bb2 Rae8 17. Nd4 Qg6 {½-½ (48) Wen,Y (2608)-Xu,X (2545) Moscow 2018}) 10... g6 11. Be3 Bg7 12. b3 {White is slightly better.} d5 $146 ({Predecessor:} 12... Ne7 13. Qd2 Re8 14. d5 Nf5 15. Bg5 f6 16. Bf4 Nd7 17. Bxf5 gxf5 {1-0 (64) Rivas Romero,J (1390)-Lenz,J (1003) LSS email 2013}) 13. c5 Nd7 {[%cal Bb6d7,Bd7f8,Bf8e6][%mdl 32]} 14. Bb5 Ne7 15. Qd2 Re8 16. Bh6 Bh8 17. Bg5 {And now Nxd5 would win.} c6 18. Bd3 Nf8 19. b4 Ne6 20. Be3 b6 21. Bc2 Ba6 22. Rfd1 bxc5 23. dxc5 $2 (23. bxc5 $11 {and White stays safe.} Qd7 24. Rab1) 23... Bxe2 $1 $19 24. Nxe2 Bxa1 25. Rxa1 a5 {[%cal Ba7a5,Ba5b4][%mdl 32]} 26. Nd4 {[#]} axb4 $1 27. Nxe6 fxe6 {[%cal Bf7e6,Be6f5][%mdl 32]} 28. Bd4 Nf5 29. Bxf5 exf5 30. Qxb4 Qc7 31. Bb2 {Hoping for Qd4.} Re4 32. Qc3 {aiming for Qh8+.} d4 33. Qd2 (33. Qc4+ {was necessary.} Qf7 34. Qb4 Rxa2 35. Qb8+ Re8 36. Qb4 Rxa1+ 37. Bxa1) 33... Qe5 {Threatens to win with ...Rxa2!} 34. a4 $2 (34. f3 {is a better defense.} Re2 35. Qxd4 Qxd4+ 36. Bxd4) 34... Rb8 35. f3 {[#]} Re2 $1 {[%cal Re2d2]} 36. Bxd4 Rd8 (36... Rxd2 $2 37. Bxe5 Rb3 38. a5 $19) 37. Kf1 Rxd2 38. Bxe5 {[%mdl 4096] Endgame KRR-KRB} R8d5 39. f4 (39. Bf4 $142 Rd1+ 40. Rxd1 Rxd1+ 41. Ke2) 39... Rxc5 {Black is clearly winning.} 40. Rb1 Rcc2 41. Rb8+ (41. g4 $142 Kf7 42. gxf5) 41... Kf7 {[%cal Rd2d1]} 42. Rb7+ Ke6 {[%cal Rd2d1]} 43. Ke1 Rxg2 {[%cal Rg2g1]} 44. Kf1 Rcf2+ 45. Ke1 Ra2 {[%cal Rg2g1]} 46. Kf1 Rgc2 {Precision: White = 37%, Black = 73%.} 0-1

[Event "Kragero Resort Chess A 2019"]
[Site "Kragero"]
[Date "2019.02.21"]
[Round "2.8"]
[White "Hauge, Lars Oskar"]
[Black "Stefansson, Vignir Vatnar"]
[Result "0-1"]
[WhiteElo "2476"]
[BlackElo "2263"]
[Annotator "ChessBase"]
[PlyCount "144"]
[EventDate "2019.02.20"]
[EventType "swiss"]
[EventCountry "NOR"]
[SourceTitle "playchess.com"]
[Source "ChessBase"]
[SourceQuality "1"]
[TimeControl "5400+30"]

1. d4 {[%emt 0:00:07]} Nf6 {[%emt 0:00:40]} 2. Bg5 {[%emt 0:01:33]} d5 {[%emt 0:03:44]} 3. e3 {[%emt 0:03:40]} c5 {[%emt 0:04:49]} 4. Bxf6 {[%emt 0:09:07]} gxf6 {[%emt 0:00:21]} 5. Nc3 {[%emt 0:00:53]} Nc6 {[%emt 0:02:00]} 6. dxc5 {[%emt 0:06:14]} e6 {[%emt 0:01:42]} 7. Qh5 {[%emt 0:00:16]} Bxc5 {[%emt 0:04:07]} 8. O-O-O {[%emt 0:00:22]} f5 {[%emt 0:15:38]} 9. e4 {[%emt 0:08:32]} fxe4 {[%emt 0:02:17]} 10. Nxe4 {[%emt 0:01:32]} Bd4 {[%emt 0:08:00]} 11. Nf3 {[%emt 0:11:44]} Bg7 {[%emt 0:02:02]} 12. Nfg5 {[%emt 0:05:11]} Ne5 {[%emt 0:00:28]} 13. Bb5+ {[%emt 0:00:04]} Kf8 {[%emt 0:00:44]} 14. Nc3 {[%emt 0:12:57]} h6 {[%emt 0:04:52]} 15. Nf3 {[%emt 0:02:48]} Ng6 {[%emt 0:13:27]} 16. Qg4 {[%emt 0:01:37]} Qa5 {[%emt 0:02:03]} 17. Qa4 {[%emt 0:08:39]} Bxc3 {[%emt 0:01:18]} 18. bxc3 {[%emt 0:00:08]} Qxc3 {[%emt 0:02:14]} 19. Bd3 {[%emt 0:03:34]} Ne5 {[%emt 0:04:00]} 20. Nxe5 {[%emt 0:00:51]} Qxe5 {[%emt 0:00:08]} 21. Qb4+ {[%emt 0:00:20]} Kg7 {[%emt 0:02:17]} 22. Rhe1 {[%emt 0:00:13]} Qa1+ {[%emt 0:00:07]} 23. Kd2 {[%emt 0:00:21]} Qf6 {[%emt 0:00:05]} 24. f4 {[%emt 0:02:03]} Rg8 {[%emt 0:02:36]} 25. Re5 {[%emt 0:02:18]} Bd7 {[%emt 0:02:44]} 26. g3 {[%emt 0:01:35]} Bc6 {[%emt 0:01:26]} 27. Rde1 {[%emt 0:00:22]} d4 {[%emt 0:02:34]} 28. Qxd4 {[%emt 0:00:27]} Rgd8 {[%emt 0:00:08]} 29. Qe3 {[%emt 0:02:37]} Rd5 {[%emt 0:00:09]} 30. Qf2 {[%emt 0:01:33]} b6 {[%emt 0:04:27]} 31. Rxd5 {[%emt 0:00:53]} Bxd5 {[%emt 0:00:02]} 32. Re5 {[%emt 0:00:07]} Rd8 {[%emt 0:00:35]} 33. Ke2 {[%emt 0:01:08]} Bxa2 {[%emt 0:01:21]} 34. Qe3 {[%emt 0:02:15]} Bd5 {[%emt 0:02:12]} 35. f5 {[%emt 0:03:38]} exf5 {[%emt 0:04:18]} 36. Rxf5 {[%emt 0:00:51]} Qe6 {[%emt 0:00:46]} 37. Re5 {[%emt 0:00:07]} Qg4+ {[%emt 0:00:06]} 38. Ke1 {[%emt 0:00:11]} Rd6 {[%emt 0:03:48]} 39. c3 {[%emt 0:03:56]} Be6 {[%emt 0:02:52]} 40. Bc2 {[%emt 0:01:24]} Rd8 {[%emt 0:00:41]} 41. Qf2 {[%emt 0:01:08]} Rd5 {[%emt 0:01:05]} 42. Re2 {[%emt 0:00:18]} Qg5 {[%emt 0:00:13]} 43. Re3 {[%emt 0:02:57]} a5 {[%emt 0:01:11]} 44. h4 {[%emt 0:00:12]} Qg4 {[%emt 0:00:49]} 45. Kf1 {[%emt 0:00:03]} Bf5 {[%emt 0:00:43]} 46. Bb3 {[%emt 0:01:14]} Rd7 {[%emt 0:00:02]} 47. Rf3 {[%emt 0:00:33]} Be6 {[%emt 0:00:44]} 48. Bc2 {[%emt 0:00:18]} Qc4+ {[%emt 0:00:29]} 49. Kg1 {[%emt 0:00:08]} Qc5 {[%emt 0:00:04]} 50. Re3 {[%emt 0:01:04]} b5 {[%emt 0:00:37]} 51. g4 {[%emt 0:00:54]} Kf8 {[%emt 0:01:09]} 52. Qf4 {[%emt 0:00:12]} b4 {[%emt 0:00:30]} 53. Kh1 {[%emt 0:00:49]} Qd5+ {[%emt 0:00:21]} 54. Be4 {[%emt 0:00:12]} Qc5 {[%emt 0:00:34]} 55. cxb4 {[%emt 0:00:17]} axb4 {[%emt 0:00:37]} 56. Bf3 {[%emt 0:00:45]} Qc1+ {[%emt 0:00:18]} 57. Kh2 {[%emt 0:00:33]} Qd2+ {[%emt 0:00:39]} 58. Kh3 {[%emt 0:00:25]} Qd4 {[%emt 0:00:25]} 59. Qxh6+ {[%emt 0:00:08]} Ke7 {[%emt 0:00:09]} 60. Qg5+ {[%emt 0:00:08]} Kf8 {[%emt 0:00:23]} 61. h5 {[%emt 0:00:44]} b3 {[%emt 0:00:10]} 62. Qh6+ {[%emt 0:00:28]} Ke7 {[%emt 0:00:53]} 63. Qg5+ {[%emt 0:00:09]} Kf8 {[%emt 0:00:05]} 64. Re4 {[%emt 0:00:54]} Qc3 {[%emt 0:00:55]} 65. Qf4 {[%emt 0:01:08]} Rd3 {[%emt 0:00:51]} 66. Kh4 {[%emt 0:00:40]} Rxf3 {[%emt 0:00:25]} 67. Qd6+ {[%emt 0:00:25]} Kg7 {[%emt 0:00:29]} 68. h6+ {[%emt 0:00:34]} Kh7 {[%emt 0:00:41]} 69. Rxe6 {[%emt 0:00:06]} Rh3+ {[%emt 0:00:33]} 70. Kg5 {[%emt 0:00:02]} Qc1+ {[%emt 0:00:19]} 71. Kf6 {[%emt 0:00:03]} Rf3+ {[%emt 0:00:20]} 72. Ke7 {[%emt 0:00:41]} Qg5+ {[%emt 0:00:22]} 0-1

[Event "Kragero Resort Chess A 2019"]
[Site "Kragero"]
[Date "2019.02.21"]
[Round "2.9"]
[White "Sgircea, Silvia-Raluca"]
[Black "Vrolijk, Liam"]
[Result "0-1"]
[WhiteElo "2251"]
[BlackElo "2470"]
[Annotator "TA"]
[PlyCount "74"]
[EventDate "2019.02.20"]
[EventType "swiss"]
[EventCountry "NOR"]
[SourceTitle "playchess.com"]
[Source "ChessBase"]
[SourceQuality "1"]

{[%evp 9,74,-10,-10,-14,-15,-14,-18,-81,-76,-86,-37,-44,-22,-139,-136,-134,-141,-123,-125,-185,-122,-128,-132,-139,-55,-55,-48,-48,-79,-96,-111,-184,-193,-205,-197,-196,-188,-203,-185,-292,-239,-523,-504,-655,-654,-552,-691,-691,-682,-649,-687,-640,-682,-675,-656,-1099,-1095,-1081,-1071,-1329,-1333,-1364,-1352,-1337,-1349,-2273,-1623]} 1. Nf3 d5 2. c4 d4 3. b4 g5 (3... c5 4. g3 cxb4 5. a3 e6 6. Bg2 Nc6 7. O-O a5 8. axb4 Bxb4 9. Ne1 Nge7 10. Nd3 O-O 11. Nxb4 Nxb4 12. Ba3 Ra6 13. d3 {½-½ (27) Svidler,P (2737)-Vitiugov,N (2719) St Petersburg 2018}) 4. Bb2 Bg7 5. d3 g4 6. Nfd2 {A09: Réti Opening: 1 Nf3 d5 2 c4} e5 7. g3 h5 8. Bg2 $146 (8. h4 $11) ({Predecessor:} 8. h4 f5 9. e3 f4 10. exf4 exf4 {0-1 (26) Aguilar,A (2307)-Antipov,M (2589) Caleta 2019}) 8... h4 $1 $17 9. gxh4 Qxh4 10. Ne4 f5 11. Nc5 (11. Ng3 $1 $11 {was the only way to keep the balance.}) 11... c6 $1 12. b5 Ne7 13. bxc6 Nbxc6 14. Nd2 (14. Qa4 $17) 14... O-O (14... Bh6 $19 {Threatens to win with ...Be3.} 15. Nf1 Be3) 15. Qa4 Bh6 $36 {[%mdl 2048] Black is really pushing.} 16. Nf1 {[#]} Be3 ({Black should play} 16... e4 $1 $17 {[%mdl 512]} 17. Ng3 (17. dxe4 f4) 17... e3 18. fxe3 Bxe3) 17. Nxe3 $15 dxe3 18. O-O-O exf2 {Strongly threatening ...Qh6+.} 19. Bd5+ Kh7 20. Bc3 (20. Kb1 $17) 20... Qh6+ $19 21. Bd2 {[#]} Qd6 $1 {[%cal Rd6c5]} 22. Bxc6 Nxc6 ({Stronger than} 22... bxc6 23. Be3 $11) 23. Nb3 Bd7 24. c5 (24. Rhf1 {keeps fighting.}) 24... Qd5 {White must now prevent ...Nd4.} 25. Qa3 $2 (25. Rhf1) 25... f4 {Black is clearly winning.} 26. Qb2 Kg6 27. Kb1 Rh8 28. Qc1 g3 29. hxg3 fxg3 30. Rh6+ Rxh6 31. Bxh6 {And now Qg5+ would win.} Kf7 32. Qg5 Rg8 33. Qh5+ Rg6 {Hoping for ...g2.} 34. e4 Qe6 35. Be3 Qg4 36. Qxg4 Bxg4 37. Rh1 g2 {Accuracy: White = 48%, Black = 84%.} 0-1